| 000 | 00642nam a2200217 a 4500 | ||
|---|---|---|---|
| 005 | 20240810063829.0 | ||
| 008 | 030317s2001 mx r 000 0 spa d | ||
| 020 | _a844931125X | ||
| 035 | _aUPN01000123028 | ||
| 049 | _aCG | ||
| 050 | 4 |
_aLB1042 _bL5.28 |
|
| 100 | 1 | _aLipkin, Lisa | |
| 245 | 1 | 0 |
_aAprender a educar con cuentos / _cLisa Lipkin ; tr. de Joan Carles Guix. |
| 260 |
_aBarcelona, Esp. : _bPaidós, _c2001. |
||
| 300 | _a216 p. | ||
| 440 | 0 |
_aGuías para padres ; _v62 |
|
| 534 |
_pTraducción de: _tBringing the story home |
||
| 650 | 4 |
_aNarración de cuentos _94988 |
|
| 650 | 4 |
_aRECREACION FAMILIAR _921418 |
|
| 905 | _aLibro | ||
| 999 |
_c95209 _d95209 |
||